Loading...
Science - Chemistry | 0 | 4 | 1 | 1 | 35 | 32 | 57.50 | 2 | 4 |
Science - Physics | 0 | 3 | 0 | 1 | 30 | 51 | 76.33 | 0 | 2 |
Science - Biology | 0 | 2 | 0 | 1 | 20 | 13 | 42.50 | 1 | 1 |
Literature - European Literature | 0 | 1 | 0 | 0 | 10 | 81 | 81.00 | 0 | 1 |
Mythology | 0 | 1 | 0 | 0 | 10 | 52 | 52.00 | 1 | 1 |
Philosophy | 0 | 1 | 0 | 0 | 10 | 67 | 67.00 | 0 | 0 |
Pop Culture | 0 | 1 | 0 | 0 | 10 | 42 | 42.00 | 0 | 0 |
Social Science | 0 | 1 | 0 | 1 | 10 | 102 | 102.00 | 0 | 0 |
History - Other History | 0 | 1 | 0 | 0 | 10 | 93 | 93.00 | 0 | 0 |
History - World History | 0 | 1 | 0 | 0 | 10 | 23 | 23.00 | 0 | 1 |
History - American History | 0 | 1 | 0 | 1 | 10 | 99 | 99.00 | 0 | 0 |
Literature - World Literature | 0 | 1 | 1 | 0 | 5 | 88 | 88.00 | 0 | 0 |
Science - Other Science | 0 | 1 | 1 | 0 | 5 | 69 | 69.00 | 0 | 0 |
Literature - American Literature | 0 | 0 | 1 | 0 | -5 | 0.00 | 0 | 0 | |
Religion | 0 | 0 | 1 | 0 | -5 | 0.00 | 0 | 0 |